[Event "URS-ch48 sf Krasnodar"]
[Site "Krasnodar RUS"]
[Date "1980.??.??"]
[Round "?"]
[White "Ubilava, Elizbar E"]
[Black "Yermolinsky, Alex"]
[Result "1-0"]
[WhiteElo "2430"]
[BlackElo "2450"]
[PlyCount "113"]
[EventDate "1980.??.??"]
[Source "www.chesslib.no"]
[SourceDate "2004.05.04"]

1. d4 Nf6 2. c4 g6 3. Nc3 d5 4. Nf3 Bg7 5. e3 O-O 6. Bd2 Nc6 7. Rc1 Bg4 8. cxd5 Nxd5 9. h3 Nxc3 10. Bxc3 Bxf3 11. Qxf3 e5 12. d5 Ne7 13. Bc4 Nc8 14. Qe2 Nd6 15. O-O Qe7 16. Bb3 a5 17. a4 b6 18. Rc2 Ne4 19. Rfc1 Rfc8 20. Be1 Nc5 21. Bc4 e4 22. Bb5 Be5 23. Bc3 Bxc3 24. Rxc3 Qe5 25. Qd2 Rd8 26. Rxc5 bxc5 27. Rxc5 Rab8 28. Qc3 Qxc3 29. bxc3 Rb7 30. Bc6 Rb1+ 31. Kh2 Rdb8 32. Bb5 Rb7 33. c4 Kf8 34. Rc6 Ra7 35. Kg3 Rb2 36. f3 exf3 37. gxf3 Ke7 38. e4 f6 39. h4 Rb1 40. f4 Rb3+ 41. Kf2 Rb2+ 42. Ke3 Rb3+ 43. Kd4 Rf3 44. Re6+ Kf7 45. Be8+ Kf8 46. h5 gxh5 47. Bxh5 Rxf4 48. Ke3 Rh4 49. Rxf6+ Kg7 50. Rf7+ Kg8 51. Rf5 Ra8 52. Kd4 Kg7 53. Re5 Kf8 54. Kc5 Rh2 55. Kc6 Ra6+ 56. Kb7 Rf6 57. c5 1-0

[Event "URS-ch sf"]
[Site "Irkutsk"]
[Date "1983.??.??"]
[Round "?"]
[White "Palatnik, Semon"]
[Black "Zilberstein, Valery I"]
[Result "1-0"]
[WhiteElo "2480"]
[BlackElo "2400"]
[PlyCount "81"]
[EventDate "1983.09.??"]
[Source "ChessBase"]

1. c4 g6 2. d4 Nf6 3. Nc3 d5 4. Nf3 Bg7 5. e3 O-O 6. Bd2 c5 7. dxc5 Na6 8. cxd5 Nxc5 9. Bc4 Bf5 10. O-O Rc8 11. Nd4 Bd3 12. Bxd3 Nxd3 13. Qe2 Nxb2 14. Rab1 Nc4 15. Rxb7 Nxd5 16. Nxd5 Qxd5 17. Rxe7 Nxd2 18. Qxd2 Rfd8 19. g3 Rc4 20. Rxa7 Bxd4 21. exd4 Rxd4 22. Qe3 h5 23. h4 Rd3 24. Qf4 Re8 25. a4 Kg7 26. Rc7 Re2 27. Rc8 Qd6 28. Rc4 Ra2 29. Re1 Qd5 30. Rce4 Rd1 31. Qe3 Rxe1+ 32. Qxe1 Qc5 33. Rf4 Rc2 34. Qe4 Qc7 35. Qd5 Qe7 36. a5 Rc7 37. Re4 Qf6 38. Kg2 Rc2 39. Rf4 Qe7 40. a6 Rc7 41. Re4 1-0

[Event "RUS-chT"]
[Site "Orel"]
[Date "1997.??.??"]
[Round "?"]
[White "Savon, Vladimir A"]
[Black "Vorobiov, Evgeny E"]
[Result "1/2-1/2"]
[WhiteElo "2445"]
[BlackElo "2435"]
[PlyCount "63"]
[EventDate "1997.??.??"]
[Source "www.chesslib.no"]
[SourceDate "2004.05.04"]

1. d4 Nf6 2. Nf3 g6 3. c4 Bg7 4. Nc3 d5 5. e3 O-O 6. Bd2 c6 7. h3 Ne4 8. Bd3 Nxd2 9. Qxd2 e6 10. O-O Nd7 11. Rfd1 b6 12. Rac1 Bb7 13. Qe2 Qe7 14. cxd5 exd5 15. Ba6 Nf6 16. Rc2 Rac8 17. Rdc1 Rfd8 18. a3 Ne8 19. Na2 c5 20. Bxb7 Qxb7 21. dxc5 bxc5 22. Rxc5 Rxc5 23. Rxc5 Qxb2 24. Qxb2 Bxb2 25. Ra5 Nd6 26. Rxa7 Nc4 27. Nb4 Bxa3 28. Nc6 Rc8 29. Ne7+ Bxe7 30. Rxe7 Nd6 31. Ne5 Rf8 32. Rd7 1/2-1/2

[Event "Triesen LIE"]
[Site "?"]
[Date "2006.05.21"]
[Round "3"]
[White "Zimmerman Yuri"]
[Black "Van der Weide Karel"]
[Result "0-1"]
[WhiteElo "2396"]
[BlackElo "2482"]
[PlyCount "82"]
[EventDate "2006.??.??"]
[Source "www.chesslib.no"]
[SourceDate "2004.05.04"]

1. d4 Nf6 2. c4 g6 3. Nc3 d5 4. Nf3 Bg7 5. e3 O-O 6. Bd2 e6 7. Rc1 b6 8. cxd5 exd5 9. b4 a6 10. Qb3 Bb7 11. Be2 Nbd7 12. O-O b5 13. a4 c6 14. Rfd1 Nb6 15. Ne5 Nfd7 16. Nxd7 Qxd7 17. Qc2 f5 18. Be1 Rae8 19. a5 Nc4 20. Bxc4 dxc4 21. e4 fxe4 22. Nxe4 Qd5 23. Nc5 Bc8 24. Bc3 Bh6 25. Ra1 Bf4 26. Re1 Qh5 27. h3 Bxh3 28. Rxe8 Rxe8 29. Ne4 Bh2+ 30. Kh1 Bxg2+ 31. Kxg2 Qg4+ 32. Kxh2 Rxe4 33. Re1 Qh5+ 34. Kg2 Rh4 35. Re8+ Kf7 36. Re3 Rh2+ 37. Kf1 Rh1+ 38. Kg2 Qh2+ 39. Kf3 Qh3+ 40. Kf4 g5+ 41. Kxg5 Qh5+ 0-1

[Event "Lvov"]
[Site "Lvov"]
[Date "1983.??.??"]
[Round "?"]
[White "Adamski, Jan"]
[Black "Donchev, Dimitar I"]
[Result "1/2-1/2"]
[WhiteElo "2425"]
[BlackElo "2450"]
[PlyCount "59"]
[EventDate "1983.06.??"]
[Source "ChessBase"]

1. d4 Nf6 2. c4 g6 3. Nc3 d5 4. Nf3 Bg7 5. e3 O-O 6. Bd2 c6 7. Rc1 Ne4 8. Bd3 Bf5 9. Qc2 Nxd2 10. Qxd2 Bxd3 11. Qxd3 dxc4 12. Qxc4 Nd7 13. O-O e5 14. Rfd1 exd4 15. exd4 Rc8 16. Qb3 Qb6 17. Qc2 Qa6 18. Qa4 Qxa4 19. Nxa4 Rfd8 20. Kf1 Nf6 21. Nc5 Rc7 22. g3 Nd5 23. a3 Ne7 24. b4 Nf5 25. Nb3 Rcd7 26. Nc5 Re7 27. Nb3 Bf8 28. Na5 Ng7 29. Ne5 Ra8 30. Ng4 1/2-1/2

[Event "ESP-chT"]
[Site "Barcelona"]
[Date "2000.08.13"]
[Round "9"]
[White "Granero Roca, Antonio"]
[Black "De la Villa Garcia, Jesus Maria"]
[Result "0-1"]
[WhiteElo "2405"]
[BlackElo "2458"]
[PlyCount "48"]
[EventDate "2000.08.05"]
[Source "ChessBase"]
[SourceDate "2000.09.14"]

1. d4 Nf6 2. c4 g6 3. Nc3 d5 4. Nf3 Bg7 5. e3 O-O 6. Bd2 c5 7. dxc5 Na6 8. cxd5 Nxc5 9. Bc4 a6 10. a4 b6 11. Qe2 Bb7 12. e4 b5 13. axb5 axb5 14. Rxa8 Qxa8 15. Nxb5 Qa1+ 16. Qd1 Qxd1+ 17. Kxd1 Ncxe4 18. Be3 Nxd5 19. Kc2 Rc8 20. Kb3 Nxe3 21. fxe3 Ba6 22. Na3 Rb8+ 23. Ka4 Nc5+ 24. Ka5 Bxb2 0-1

[Event "URS Ch U20"]
[Site "Tallinn EST"]
[Date "1986.??.??"]
[Round "?"]
[White "Novikov, Igor A"]
[Black "Epishin, Vladimir V"]
[Result "1/2-1/2"]
[WhiteElo "2490"]
[BlackElo "2370"]
[PlyCount "63"]
[EventDate "1986.01.??"]
[Source "www.chesslib.no"]
[SourceDate "2004.05.04"]

1. d4 Nf6 2. c4 g6 3. Nc3 d5 4. Nf3 Bg7 5. e3 O-O 6. Bd2 e6 7. Rc1 Nbd7 8. cxd5 exd5 9. b4 c6 10. Be2 a5 11. b5 c5 12. O-O b6 13. Qc2 Re8 14. Rfd1 Bb7 15. Be1 Qe7 16. Na4 Rac8 17. Nxb6 Nxb6 18. dxc5 Nc4 19. c6 Bxc6 20. bxc6 Rxc6 21. Nd4 Rcc8 22. Qb3 a4 23. Qb5 Rb8 24. Qc6 Rbc8 25. Qa6 Ra8 26. Qb5 Rab8 27. Bxc4 Rxb5 28. Bxb5 Ra8 29. Bc6 Ra6 30. Bb5 Ra8 31. Bc6 Ra6 32. Bb5 1/2-1/2

[Event "URS-chT"]
[Site "Moscow"]
[Date "1972.??.??"]
[Round "?"]
[White "Borisenko, Georgy K"]
[Black "Mukhin, Evgeny B"]
[Result "1-0"]
[WhiteElo "2435"]
[BlackElo "2420"]
[PlyCount "135"]
[EventDate "1972.??.??"]
[Source "ChessBase"]

1. d4 Nf6 2. c4 g6 3. Nc3 d5 4. Nf3 Bg7 5. e3 O-O 6. Bd2 c5 7. dxc5 Na6 8. cxd5 Nxd5 9. Na4 Bd7 10. Rc1 Rc8 11. Bxa6 bxa6 12. O-O Bb5 13. Re1 Qc7 14. Qc2 Rfd8 15. b3 Nf6 16. Bc3 Bxa4 17. Be5 Qc6 18. bxa4 Ne4 19. Bd4 f6 20. Bb2 e5 21. Qc4+ Kh8 22. Re2 Rd5 23. Ba3 Rcd8 24. h4 Rd3 25. Bb4 R3d5 26. Ree1 R5d7 27. a5 h6 28. a3 f5 29. Qc2 Bf6 30. Red1 Kg7 31. Rxd7+ Rxd7 32. Rd1 Rc7 33. Qc4 g5 34. hxg5 hxg5 35. Ne1 g4 36. f3 gxf3 37. Nxf3 Re7 38. Rd8 Rf7 39. Qd5 Qxd5 40. Rxd5 Re7 41. c6 Re6 42. c7 Rc6 43. Rd7+ Kg6 44. Kf1 f4 45. exf4 exf4 46. Ke2 Kf5 47. a4 Ke6 48. Rh7 Kd5 49. Nd2 Nxd2 50. Bxd2 Be5 51. Kf3 Rxc7 52. Rxc7 Bxc7 53. Bxf4 Bxa5 54. Kg4 Kc4 55. Kf5 Be1 56. g4 Bh4 57. Bg5 Be1 58. Bd8 Bd2 59. Bc7 Kd5 60. Bf4 Bc3 61. g5 Bb2 62. Bd2 Kd6 63. Kg6 Ke6 64. Kh7 Kf5 65. g6 Kg4 66. Bh6 Kh5 67. Bg7 Ba3 68. Bd4 1-0

[Event "RUS Team Ch"]
[Site "Podolsk RUS"]
[Date "1993.??.??"]
[Round "?"]
[White "Berkovich, Dmitry"]
[Black "Mansurov, Viacheslav"]
[Result "0-1"]
[WhiteElo "2465"]
[BlackElo "2390"]
[PlyCount "54"]
[EventDate "1993.??.??"]
[Source "www.chesslib.no"]
[SourceDate "2004.05.04"]

1. d4 Nf6 2. c4 g6 3. Nc3 d5 4. Nf3 Bg7 5. e3 O-O 6. Bd2 c5 7. dxc5 Nc6 8. a3 Be6 9. cxd5 Nxd5 10. Na4 Qc7 11. Ng5 Rad8 12. Nxe6 fxe6 13. Qc2 Ne5 14. Be2 b5 15. Bxb5 Ng4 16. Qc4 Rxf2 17. Qxg4 Rxd2 18. Qxe6+ Kh8 19. O-O Nxe3 20. Bc6 Nxf1 21. Rxf1 Bd4+ 22. Kh1 Qf4 23. Bb5 Rf2 24. Re1 Rxg2 25. Qh3 Rg5 26. Nc3 Rf8 27. Nd1 Qe4+ 0-1

[Event "NED Ch"]
[Site "Leeuwarden NED"]
[Date "1971.??.??"]
[Round "2"]
[White "Ree, Hans"]
[Black "Scholl, Eddie C"]
[Result "1/2-1/2"]
[WhiteElo "2420"]
[BlackElo "2430"]
[PlyCount "80"]
[EventDate "1971.11.??"]
[Source "www.chesslib.no"]
[SourceDate "2004.05.04"]

1. Nf3 Nf6 2. c4 g6 3. Nc3 d5 4. d4 Bg7 5. e3 O-O 6. Bd2 c5 7. dxc5 Na6 8. cxd5 Nxc5 9. Bc4 a6 10. a4 Bf5 11. O-O Rc8 12. Qe2 Nfe4 13. Nh4 Nxd2 14. Qxd2 Ne4 15. Qd3 Bxc3 16. Nxf5 gxf5 17. bxc3 Qc7 18. Ba2 Qxc3 19. Qxc3 Rxc3 20. Rfd1 Rfc8 21. g4 fxg4 22. Rd4 Nf6 23. Rb1 Rc1+ 24. Kg2 Rxb1 25. Bxb1 h5 26. Bf5 Rc5 27. e4 b5 28. axb5 axb5 29. d6 e6 30. Bxe6 fxe6 31. d7 Nxd7 32. Rxd7 h4 33. Rb7 Re5 34. f3 h3+ 35. Kg3 gxf3 36. Kxf3 Rg5 37. Kf4 Rg2 38. Rxb5 Rxh2 39. Kg3 Re2 40. Kxh3 Rxe4 1/2-1/2

[Event "ARG-ch sf"]
[Site "Buenos Aires"]
[Date "1998.??.??"]
[Round "4"]
[White "Soppe, Guillermo"]
[Black "Alonso, Salvador"]
[Result "1/2-1/2"]
[WhiteElo "2455"]
[BlackElo "2390"]
[PlyCount "88"]
[EventDate "1998.??.??"]
[Source "www.chesslib.no"]
[SourceDate "2004.05.04"]

1. Nf3 Nf6 2. c4 g6 3. Nc3 Bg7 4. d4 d5 5. e3 O-O 6. Bd2 c5 7. dxc5 Nc6 8. Rc1 d4 9. exd4 Nxd4 10. Nxd4 Qxd4 11. Be3 Qxd1+ 12. Nxd1 Ng4 13. Be2 Nxe3 14. fxe3 Be6 15. Bf3 Rac8 16. b4 Rc7 17. Bd5 Bxd5 18. cxd5 Rd8 19. e4 e6 20. Ne3 exd5 21. Nxd5 Rcd7 22. b5 Re8 23. O-O Rxe4 24. c6 bxc6 25. bxc6 Rd8 26. c7 Rc8 27. Rfe1 Rxe1+ 28. Rxe1 Kf8 29. Re4 Bb2 30. Kf1 Ba3 31. g4 Bd6 32. h3 h6 33. Kg2 g5 34. Ra4 Bxc7 35. Rc4 Rd8 36. Nxc7 Rd2+ 37. Kf3 Rxa2 38. Rc3 a5 39. Nb5 Ra4 40. Nd6 Rf4+ 41. Kg3 a4 42. Nf5 Ke8 43. Nxh6 Rb4 44. Nf5 Kd7 1/2-1/2

[Event "Budapest"]
[Site "Budapest HUN"]
[Date "1987.??.??"]
[Round "1"]
[White "Horvath, Jozsef"]
[Black "Vegh, Endre"]
[Result "1-0"]
[WhiteElo "2470"]
[BlackElo "2375"]
[PlyCount "65"]
[EventDate "1987.05.??"]
[Source "www.chesslib.no"]
[SourceDate "2004.05.04"]

1. d4 Nf6 2. c4 g6 3. Nf3 Bg7 4. Nc3 d5 5. e3 O-O 6. Bd2 c5 7. dxc5 Na6 8. cxd5 Nxc5 9. Bc4 Bf5 10. O-O Rc8 11. Be1 Nce4 12. Qe2 Bg4 13. Nxe4 Nxe4 14. h3 Bxf3 15. gxf3 Ng5 16. f4 Nf3+ 17. Kg2 Nh4+ 18. Kg3 Nf5+ 19. Kh2 b5 20. Bxb5 Nd6 21. Bd3 Qb6 22. Rb1 f5 23. f3 Qc5 24. e4 Bh6 25. Bg3 Qd4 26. Rbd1 Rb8 27. b3 Qg7 28. Rc1 Rfc8 29. e5 Nf7 30. Rxc8+ Rxc8 31. Bc4 Kh8 32. h4 Nd8 33. Rd1 1-0

[Event "Karvina op"]
[Site "?"]
[Date "2002.??.??"]
[Round "9.1"]
[White "Matlak Marek"]
[Black "Klima Lukas"]
[Result "1/2-1/2"]
[WhiteElo "2485"]
[BlackElo "2357"]
[PlyCount "52"]
[EventDate "2002.??.??"]
[Source "www.chesslib.no"]
[SourceDate "2004.05.04"]

1. d4 Nf6 2. Nf3 g6 3. c4 Bg7 4. Nc3 d5 5. e3 O-O 6. Bd2 c5 7. dxc5 Na6 8. cxd5 Nxc5 9. Bc4 e6 10. O-O exd5 11. Be2 Re8 12. Rc1 Bg4 13. Nd4 Bxe2 14. Qxe2 Nfe4 15. Nxe4 Nxe4 16. Qd3 Qb6 17. Rc2 Nc5 18. Qa3 Bxd4 19. exd4 Ne6 20. Be3 Rac8 21. Rd2 Rc4 22. Qd3 Rec8 23. g3 R8c6 24. Kg2 Qc7 25. Rfd1 Kg7 26. Qe2 Qd7 1/2-1/2

[Event "Castellar Open"]
[Site "Castellar"]
[Date "1996.??.??"]
[Round "?"]
[White "Comas Fabrego, Luis"]
[Black "Minzer, Claudio Javier"]
[Result "1-0"]
[WhiteElo "2470"]
[BlackElo "2370"]
[PlyCount "71"]
[EventDate "1996.??.??"]
[Source "www.chesslib.no"]
[SourceDate "2004.05.04"]

1. d4 Nf6 2. c4 g6 3. Nc3 d5 4. Nf3 Bg7 5. e3 O-O 6. Bd2 b6 7. cxd5 Nxd5 8. Rc1 Bb7 9. Bc4 e6 10. O-O Nd7 11. Qe2 a6 12. Rfd1 Qe7 13. Bb3 Rac8 14. a3 Rfd8 15. Ba2 N5f6 16. Be1 h6 17. Bc4 b5 18. Ba2 c5 19. dxc5 Rxc5 20. Nb1 Rf5 21. Nd4 Rg5 22. Nc6 Qe8 23. f3 Rc8 24. Na5 Ba8 25. Rxc8 Qxc8 26. e4 Nh5 27. Qd2 Nf8 28. Bf2 Be5 29. h4 Bf4 30. Qc3 Qxc3 31. Nxc3 Re5 32. Rd8 g5 33. Rxa8 gxh4 34. Nc6 Rg5 35. Bxh4 Rc5 36. Rxf8+ 1-0

[Event "Tula1"]
[Site "?"]
[Date "2001.??.??"]
[Round "4"]
[White "Savon Vladimir A"]
[Black "Gusev Aleksey"]
[Result "1-0"]
[WhiteElo "2448"]
[BlackElo "2383"]
[PlyCount "104"]
[EventDate "2001.??.??"]
[Source "www.chesslib.no"]
[SourceDate "2004.05.04"]

1. d4 Nf6 2. c4 g6 3. Nf3 Bg7 4. Nc3 d5 5. e3 O-O 6. Bd2 e6 7. Qc2 b6 8. Rc1 Bb7 9. cxd5 exd5 10. Be2 c5 11. dxc5 bxc5 12. Na4 Nbd7 13. Nxc5 Nxc5 14. Qxc5 Ne4 15. Qc7 Nxd2 16. Qxb7 Nxf3+ 17. Bxf3 Qa5+ 18. b4 Qxa2 19. O-O Rab8 20. Qxd5 Qxd5 21. Bxd5 Rxb4 22. Rc7 a5 23. Ra7 Rb5 24. Rd1 Rc5 25. f4 Bb2 26. Kf2 Ba3 27. Rd3 Bb4 28. Kf3 Rc3 29. Rxc3 Bxc3 30. g4 h6 31. Bb3 g5 32. Ke4 gxf4 33. exf4 Kg7 34. Kf5 Be1 35. Rc7 Bb4 36. h4 Bd6 37. Rd7 Bb4 38. h5 Bc3 39. Rc7 Bb2 40. g5 Ba1 41. g6 Bb2 42. Bxf7 a4 43. Kg4 Kh8 44. Ra7 a3 45. Bd5 Bg7 46. Rxa3 Rd8 47. Ra7 Rf8 48. f5 Rf6 49. Ra8+ Rf8 50. Rxf8+ Bxf8 51. f6 Bg7 52. fxg7+ Kxg7 1-0

[Event "Netanya-A"]
[Site "Netanya"]
[Date "1973.??.??"]
[Round "3"]
[White "Camara, Helder"]
[Black "Saidy, Anthony Fred"]
[Result "1/2-1/2"]
[WhiteElo "2405"]
[BlackElo "2425"]
[PlyCount "149"]
[EventDate "1973.??.??"]
[Source "ChessBase"]

1. d4 Nf6 2. Nf3 g6 3. c4 Bg7 4. Nc3 d5 5. e3 O-O 6. Bd2 e6 7. Bd3 Nc6 8. O-O b6 9. cxd5 exd5 10. a3 a6 11. Rc1 Bb7 12. b4 Re8 13. Qb3 Qd7 14. Rc2 Ne7 15. Ne5 Qe6 16. Ne2 c6 17. Rfc1 Nd7 18. Nf4 Qd6 19. Nxd7 Qxd7 20. b5 axb5 21. Bxb5 Bh6 22. Ne2 cxb5 23. Rc7 Qg4 24. f3 Qe6 25. Rxb7 Nf5 26. f4 Nxe3 27. Bxe3 Qxe3+ 28. Qxe3 Rxe3 29. Kf2 Rae8 30. Rc2 Rxa3 31. Rxb6 Rb3 32. Rd6 b4 33. Rxd5 Rb8 34. Rdc5 Bf8 35. Rc8 Rxc8 36. Rxc8 Kg7 37. f5 Bd6 38. Rc6 Bxh2 39. f6+ Kh6 40. g3 Rb2 41. Kf3 Kg5 42. Re6 h5 43. Re4 Rc2 44. d5 b3 45. Rb4 b2 46. Ke3 h4 47. Kd3 Rc5 48. gxh4+ Kxf6 49. Rxb2 Rxd5+ 50. Ke3 Be5 51. Rb7 Ra5 52. Kf3 Ra3+ 53. Kg2 Ra2 54. Kf3 Ra4 55. Rb6+ Kg7 56. h5 g5 57. h6+ Kh7 58. Rb7 Kg6 59. Nc1 Rh4 60. Nd3 Bh2 61. Nf2 f5 62. Rb6+ Kf7 63. Rb7+ Kg6 64. Rb6+ Kf7 65. Rb7+ Ke6 66. h7 Bd6 67. Kg2 g4 68. Rg7 Rh2+ 69. Kf1 g3 70. Nd3 f4 71. Rg6+ Kd5 72. Rxd6+ Kxd6 73. Nxf4 Kc5 74. Ne2 Rxh7 75. Nxg3 1/2-1/2

[Event "Val Thorens Open"]
[Site "Val Thorens FRA"]
[Date "1991.??.??"]
[Round "?"]
[White "Vareille, Francois"]
[Black "Malisauskas, Vidmantas"]
[Result "1-0"]
[WhiteElo "2325"]
[BlackElo "2495"]
[PlyCount "75"]
[EventDate "1991.??.??"]
[Source "www.chesslib.no"]
[SourceDate "2004.05.04"]

1. d4 Nf6 2. c4 g6 3. Nf3 Bg7 4. Nc3 d5 5. e3 O-O 6. Bd2 c5 7. dxc5 Na6 8. cxd5 Nxc5 9. Bc4 Bf5 10. O-O Rc8 11. Qe2 Nfe4 12. Rac1 Nd6 13. e4 Ncxe4 14. Bb3 Nxd2 15. Nxd2 Re8 16. Ba4 Bd7 17. Bxd7 Qxd7 18. Rfd1 b5 19. a3 a5 20. Nde4 Nxe4 21. Qxe4 Rc4 22. Qe3 Rec8 23. Qd2 Rd4 24. Qe2 b4 25. axb4 axb4 26. Rxd4 Bxd4 27. Qd2 Rc4 28. Na2 Rxc1+ 29. Nxc1 Qxd5 30. Qxb4 Bxb2 31. Qb8+ Kg7 32. Qxb2+ f6 33. Qe2 Qd6 34. g3 h5 35. h4 e5 36. Nd3 Qd4 37. Qe3 Qd5 38. Kh2 1-0

[Event "CSR-ch int"]
[Site "Luhacovice"]
[Date "1971.??.??"]
[Round "12"]
[White "Pribyl, Josef"]
[Black "Kupka, Slavoj"]
[Result "1/2-1/2"]
[WhiteElo "2435"]
[BlackElo "2375"]
[PlyCount "21"]
[EventDate "1971.04.??"]
[Source "ChessBase"]

1. c4 Nf6 2. Nc3 g6 3. d4 d5 4. Nf3 Bg7 5. e3 O-O 6. Bd2 e6 7. Rc1 b6 8. cxd5 exd5 9. Be2 Bb7 10. O-O Ne4 11. b4 1/2-1/2

[Event "SWE-ch"]
[Site "Gothenburg"]
[Date "1975.??.??"]
[Round "?"]
[White "Jansson, Borje"]
[Black "Ornstein, Axel"]
[Result "0-1"]
[WhiteElo "2380"]
[BlackElo "2430"]
[PlyCount "88"]
[EventDate "1975.07.??"]
[Source "ChessBase"]

1. c4 g6 2. Nf3 Bg7 3. d4 Nf6 4. Nc3 d5 5. e3 O-O 6. Bd2 c5 7. dxc5 Na6 8. cxd5 Nxc5 9. Bc4 a6 10. a4 Bf5 11. O-O Rc8 12. Qe2 Nce4 13. Rfd1 Bg4 14. h3 Bxf3 15. gxf3 Nd6 16. Ba2 Qd7 17. Kh2 b5 18. axb5 axb5 19. Qd3 Nc4 20. Rab1 Ne5 21. Qe2 b4 22. Ne4 Nxe4 23. fxe4 Qa4 24. f4 Qxa2 25. Bxb4 Qb3 26. Bc3 Nd7 27. e5 Rc5 28. Qg2 Rfc8 29. Ra1 Nb6 30. e4 Bh6 31. Rf1 Na4 32. Ra3 Qb5 33. Rf3 Nxc3 34. Raxc3 Rxc3 35. bxc3 Qc4 36. Qc2 Ra8 37. Kg3 Ra2 38. Qd3 Qc5 39. Qe3 Qb5 40. Rf2 Rxf2 41. Kxf2 Qb2+ 42. Kg3 g5 43. f5 Qb8 44. Kg4 Qxe5 0-1

[Event "Sibenik"]
[Site "?"]
[Date "2006.09.26"]
[Round "5.2"]
[White "Franic Milan"]
[Black "Rade Miroslav"]
[Result "0-1"]
[WhiteElo "2392"]
[BlackElo "2417"]
[PlyCount "72"]
[EventDate "2006.??.??"]
[Source "www.chesslib.no"]
[SourceDate "2004.05.04"]

1. d4 Nf6 2. c4 g6 3. Nf3 Bg7 4. Nc3 d5 5. e3 O-O 6. Bd2 c5 7. dxc5 Na6 8. cxd5 Nxc5 9. Bc4 a6 10. a4 Bf5 11. O-O Rc8 12. Qe2 Nfe4 13. Nd4 Nxd2 14. Qxd2 Ne4 15. Nxe4 Bxe4 16. Qb4 Bxd4 17. exd4 Bxd5 18. Bxd5 Qxd5 19. Qxe7 Rfe8 20. Qa3 Rc4 21. Rfe1 Rec8 22. Rad1 Rxd4 23. Rxd4 Qxd4 24. h3 Kg7 25. Qb3 b6 26. Rd1 Qf6 27. g3 h5 28. h4 a5 29. Kg2 Rc5 30. Rd3 Qc6+ 31. Kg1 Rc1+ 32. Rd1 Rc4 33. Rd6 Qe4 34. Rd1 Qe6 35. Qa3 Qf6 36. Rd6 Qf5 0-1

[Event "TCh-CZE Extraliga 2003-4"]
[Site "Czech Rep"]
[Date "2004.04.04"]
[Round "11"]
[White "Likavsky, Tomas"]
[Black "Studnicka, Tomas"]
[Result "0-1"]
[WhiteElo "2472"]
[BlackElo "2334"]
[PlyCount "118"]
[EventDate "2004.01.08"]
[Source "Roberto Alvarez"]
[SourceDate "2004.04.05"]

1. d4 Nf6 2. c4 g6 3. Nc3 d5 4. Nf3 Bg7 5. e3 O-O 6. Bd2 c5 7. dxc5 Na6 8. cxd5 Nxc5 9. Bc4 a6 10. a4 b6 11. Qe2 Bb7 12. O-O Nxd5 13. Rfd1 Bxc3 14. Bxd5 Qxd5 15. Bxc3 Qh5 16. Bd4 Rac8 17. b4 Nb3 18. Rab1 Nxd4 19. Nxd4 Qxe2 20. Nxe2 Be4 21. Ra1 Rc2 22. Nd4 Rb2 23. f3 Bb7 24. Rdb1 Rxb1+ 25. Rxb1 Rc8 26. a5 e5 27. Nb3 Bd5 28. axb6 Bxb3 29. Rxb3 Rb8 30. Ra3 Rxb6 31. Ra4 Kf8 32. Kf2 Ke7 33. Ke2 Rd6 34. g4 f6 35. h4 h6 36. Kf2 Ke6 37. Kg3 Kd5 38. h5 g5 39. Ra1 Kc4 40. Kf2 Kxb4 41. Rb1+ Kc3 42. Ra1 Kb2 43. Ra5 Kb3 44. Ra1 Rd2+ 45. Kg3 Rd6 46. Kf2 Kb4 47. Rb1+ Kc5 48. Ra1 Kb6 49. Rb1+ Ka7 50. Ra1 Rd2+ 51. Ke1 Rb2 52. e4 Kb6 53. Rd1 a5 54. Rd6+ Kb5 55. Kd1 a4 56. Kc1 a3 57. Rxf6 Rb4 58. Rf8 a2 59. Rb8+ Kc5 0-1